|
|
|
|
| LEADER |
00000nab a2200000ua 4500 |
| 001 |
vtls010804077 |
| 003 |
SK-MaSNL |
| 005 |
20260303152810.0 |
| 008 |
230222s xo |||||||||||||||||slo| |
| 035 |
|
|
|a (urnnbn)urn:nbn:sk:snk:ar-a00cf0
|
| 035 |
|
|
|a (uuid)5d73a6f4-1bf9-42ee-9db8-6d1cc1708873
|
| 035 |
|
|
|a urn:nbn:sk:snk-ab46pd
|
| 040 |
|
|
|a SNKBUCL
|b slo
|c SNKBUCL
|e AACR2
|
| 041 |
0 |
|
|a slo
|
| 044 |
|
|
|a xo
|c SK
|
| 100 |
1 |
|
|a Filipová, A.
|4 aut
|9 1144284
|
| 245 |
1 |
0 |
|a O výchovnom poradenstve
|c A. Filipová
|
| 773 |
0 |
|
|t Rodina a škola
|g Roč. 13, č. 3 (1965-1966), s. 62-63
|
| 954 |
|
|
|a odborná, vedecká literatúra pôvodná (slovenská)
|2 lita
|
| 958 |
|
|
|a OND
|
| 958 |
|
|
|a EUIPO
|
| 958 |
|
|
|a article3
|
| 999 |
|
|
|c 2024947
|d 2026877
|